| 000 | 01140nam a22003497a 4500 | ||
|---|---|---|---|
| 001 | 0006344 | ||
| 003 | KOHA_MİRAKIL | ||
| 005 | 20260207001521.0 | ||
| 007 | ta | ||
| 008 | 090622b1999 tu |||gr||||#||||0|tur | | ||
| 020 | _a9754707308 | ||
| 040 |
_aTR-BiSEU _btur _cTR-BiSEU _erda |
||
| 041 | 0 | _atur | |
| 044 | _ctu | ||
| 050 |
_aLA942 _b.K37 1999 |
||
| 100 | 1 | _aKaplan, İsmail. | |
| 245 | 1 |
_aTürkiye'de milli eğitim ideolojisi ve siyasal toplumsallaşma üzerindeki etkisi/ _cİsmail Kaplan ; İsmail Kaplan. |
|
| 264 | 1 |
_aİstanbul : _bİletişim,c1999. _c1999 |
|
| 300 | _a406 sayfa; 20 cm. | ||
| 336 |
_ametin _btxt _2rdacontent |
||
| 337 |
_aaracısız _bn _2rdamedia |
||
| 338 |
_acilt _bnc _2rdacarrier |
||
| 490 | 1 | _aİletişim yayınları;527. | |
| 490 | 1 |
_aAraştırma İnceleme Dizisi ; _v86. |
|
| 500 | _aKaynakça var. | ||
| 650 | 0 |
_aEducation and state--Turkey. _915188 |
|
| 650 | 0 |
_aPolitics and education--Turkey. _915804 |
|
| 650 | 0 |
_aTurkey--Politics and government. _97156 |
|
| 830 | 1 |
_aİletişim yayınları;527. _915805 |
|
| 830 | 1 |
_aAraştırma İnceleme Dizisi ; _v86. _99734 |
|
| 942 |
_2lcc _cBK |
||
| 999 |
_c6325 _d6325 |
||